O tisíci věžích pražských = On Prague's thousand towers /

Hlavní autor: Podzimek, Josef, 1937-
Další autoři: Sedláková, Radomíra, 1950-, Hejný, Kryštof, Sedlák, Lubomír, 1952-
Jazyk: Čeština
Angličtina
Vydáno: Praha : Josef Podzimek ve spolupráci se společností Jindřišská věž s.r.o., 2017
Vydání: 1. vydání
Témata:
Fyzický popis: 177 stran : ilustrace (převážně barevné), plány ; 20 x 23 cm
Language note: Souběžný anglický text
Knihy
Uloženo v:
LEADER 02584nam a2200661 i 4500
001 nkc20172887437
003 CZ PrNK
005 20171013111412.0
007 ta
008 170323s2017 xr ae e f 000 0dcze
015 |a cnb002887437 
020 |a 978-80-270-1500-9  |q (vázáno) 
035 |a (OCoLC)1000516066 
040 |a BOA001  |b cze  |e rda 
041 1 |a cze  |a eng  |h cze 
043 |a e-xr---  |b e-xr-pg  |2 czenas 
072 7 |a 72  |x Architektura  |2 Konspekt  |9 21 
080 |a 725/726.012.28  |2 MRF 
080 |a 72:904  |2 MRF 
080 |a (437.311)  |2 MRF 
080 |a (048.8)  |2 MRF 
080 |a (084.12)  |2 MRF 
100 1 |a Podzimek, Josef,  |d 1937-  |7 xx0011432  |4 aut  |4 pbl 
245 1 0 |a O tisíci věžích pražských =  |b On Prague's thousand towers /  |c Josef Podzimek, Radomíra Sedláková ; překlady Kryštof Hejný, Lubomír Sedlák 
246 3 1 |a On Prague's thousand towers 
250 |a 1. vydání 
264 1 |a Praha :  |b Josef Podzimek ve spolupráci se společností Jindřišská věž s.r.o.,  |c 2017 
300 |a 177 stran :  |b ilustrace (převážně barevné), plány ;  |c 20 x 23 cm 
336 |a text  |b txt  |2 rdacontent 
336 |a statický obraz  |b sti  |2 rdacontent 
337 |a bez média  |b n  |2 rdamedia 
338 |a svazek  |b nc  |2 rdacarrier 
504 |a Obsahuje bibliografii 
546 |a Souběžný anglický text 
650 0 7 |a věže  |7 ph206864  |z Česko  |2 czenas 
650 0 7 |a věže  |7 ph206864  |x dějiny  |2 czenas 
650 0 7 |a architektonické památky  |7 ph118585  |z Česko  |2 czenas 
650 0 9 |a towers  |z Czechia  |2 eczenas 
650 0 9 |a towers  |x history  |2 eczenas 
650 0 9 |a architectural monuments  |z Czechia  |2 eczenas 
651 7 |a Praha (Česko)  |7 ge118011  |2 czenas 
651 9 |a Prague (Czechia)  |2 eczenas 
655 7 |a přehledy  |7 fd133202  |2 czenas 
655 7 |a fotografické publikace  |7 fd132276  |2 czenas 
655 9 |a surveys  |2 eczenas 
655 9 |a photographical works  |2 eczenas 
700 1 |a Sedláková, Radomíra,  |d 1950-  |7 jn20000620328  |4 aut 
700 1 |a Hejný, Kryštof  |4 trl 
700 1 |a Sedlák, Lubomír,  |d 1952-  |7 xx0187211  |4 trl 
700 1 2 |a Podzimek, Josef,  |d 1937-  |t O tisíci věžích pražských 
700 1 2 |a Podzimek, Josef,  |d 1937-  |t O tisíci věžích pražských.  |l Anglicky 
910 2 |a BOA001  |b 2-1389.307 
928 9 |a Jindřišská věž 
990 |a BK 
995 |a 01 
991 |b 201706  |c NOV 
996 6 |b 2610709737  |c 2-1389.307  |l MZK  |r Sklad / do 1 hodiny  |n 0  |p p.v.  |w 001614678  |u 000010  |a 1  |e BOA001  |j MZK50  |s P 
996 7 |b 2610720782  |c 2-1389.307  |l MZK  |r Sklad / do 1 hodiny  |n 3  |p kup  |w 001614678  |u 000020  |a 1  |e BOA001  |j MZK50  |s A